Statistiques concernant - Prénoms féminins les plus données en 2017 -

Cliquez ici pour prendre le quiz!

Statistiques générales

  • Ce quiz a été pris 1,893 fois
  • Le résultat moyen est 48 sur 100

Statistiques - réponses

Position Première lettre Prénom % Correct
33LLou
92%
9LLéa
90%
96MMarie
89%
10ZZoé
88%
1EEmma
88%
5CChloé
84%
4LLouise
79%
16JJuliette
76%
3CCamille
76%
22AAnna
75%
6MManon
75%
21LLucie
75%
29CClara
74%
85LLaura
71%
12JJulia
71%
7AAlice
70%
64SSarah
70%
78LLisa
69%
20EElise
68%
8JJade
68%
34JJeanne
68%
56PPauline
67%
38CCharlotte
67%
89EElisa
66%
14LLola
66%
27RRose
64%
49JJustine
61%
44MMathilde
61%
2LLéna
60%
30EEva
60%
15IInès
59%
90LLise
57%
31CClémence
56%
45NNina
55%
55LLina
54%
50OOlivia
54%
32RRomane
54%
52LLilou
53%
37NNoémie
53%
82VValentine
52%
70OOcéane
51%
99AAnaïs
51%
75CCélia
51%
41AAlicia
50%
42EEloïse
49%
24MMargaux
49%
73LLily
48%
62MMargot
47%
35MMaëlys
47%
74VVictoria
46%
60IIris
46%
40EElsa
46%
97VVictoire
45%
19EEléna
45%
39LLouna
45%
80LLuna
45%
72HHéloïse
42%
13MMila
42%
17AAgathe
41%
26MMia
40%
91NNinon
40%
71TThéa
40%
18AAmbre
40%
23LLéonie
39%
54LLana
37%
83ZZélie
37%
57AAdèle
37%
48EEmy
36%
25LLéana
34%
66CCharlie
34%
94LLouisa
33%
77EEmmy
32%
68AAmélia
32%
58AAnaé
32%
61LLéane
32%
59FFaustine
31%
28CCapucine
31%
53EElina
31%
92EEléonore
30%
87EEléa
30%
93EEline
29%
98CColine
28%
100RRoxane
28%
86MMéline
27%
47AAndréa
26%
76CConstance
26%
65AAlix
26%
51GGiulia
25%
63RRomy
24%
88AAnaëlle
24%
36SSoline
24%
46TThais
24%
11EEden
23%
81AApolline
23%
43CCandice
22%
79LLivia
20%
69LLya
20%
84IInaya
15%
95MMaélie
12%
67MMyla
10%

Distribution des résultats

Percentile by Number Answered

% des personnes avec chaque résultat

Votre développement - résultats

Vous n’avez pas pris ce quiz